Ecological disaster : (Record no. 810)

000 -LEADER
fixed length control field 01422nam a22003857a 4500
001 - CONTROL NUMBER
control field 4435012
003 - CONTROL NUMBER IDENTIFIER
control field OSt
005 - DATE AND TIME OF LATEST TRANSACTION
control field 20210422062306.0
008 - FIXED-LENGTH DATA ELEMENTS--GENERAL INFORMATION
fixed length control field 941101s1995 nyua 001 0 eng
010 ## - LIBRARY OF CONGRESS CONTROL NUMBER
LC control number 94041853
020 ## - INTERNATIONAL STANDARD BOOK NUMBER
International Standard Book Number 0870783645
040 ## - CATALOGING SOURCE
Original cataloging agency eng
Transcribing agency DLC
Modifying agency eng
Language of cataloging eng
041 ## - LANGUAGE CODE
Language code of text/sound track or separate title eng
043 ## - GEOGRAPHIC AREA CODE
Geographic area code e-ur-ru
050 00 - LIBRARY OF CONGRESS CALL NUMBER
Classification number RA566.5.R9
Item number F47 1995
080 ## - UNIVERSAL DECIMAL CLASSIFICATION NUMBER
Universal Decimal Classification number 94
Item number F-44
082 00 - DEWEY DECIMAL CLASSIFICATION NUMBER
Classification number 363.7/00947
Edition number 20
100 1# - MAIN ENTRY--PERSONAL NAME
Personal name Feshbach, Murray,
Dates associated with a name 1929-
245 10 - TITLE STATEMENT
Title Ecological disaster :
Remainder of title cleaning up the hidden legacy of the Soviet regime /
Statement of responsibility, etc. / by: Twentieth Century Fund Press
246 1# - VARYING FORM OF TITLE
Display text At head of title:
Title proper/short title Russia in transition.
260 ## - PUBLICATION, DISTRIBUTION, ETC.
Place of publication, distribution, etc. New York
Name of publisher, distributor, etc. Twentieth Century Fund Press,
Date of publication, distribution, etc. 1995.
300 ## - PHYSICAL DESCRIPTION
Extent x, 157 p. :
Other physical details ill. ;
Dimensions 23 cm.
500 ## - GENERAL NOTE
General note "A Twentieth century fund report."
504 ## - BIBLIOGRAPHY, ETC. NOTE
Bibliography, etc. note Includes bibliographical references (p. 121-146) and index.
650 #0 - SUBJECT ADDED ENTRY--TOPICAL TERM
Topical term or geographic name entry element Environmental health
Geographic subdivision Russia (Federation).
650 #0 - SUBJECT ADDED ENTRY--TOPICAL TERM
Topical term or geographic name entry element History
9 (RLIN) 252
650 #0 - SUBJECT ADDED ENTRY--TOPICAL TERM
Topical term or geographic name entry element History of Russia
9 (RLIN) 475
650 #0 - SUBJECT ADDED ENTRY--TOPICAL TERM
Topical term or geographic name entry element Environmental degradation
Geographic subdivision Russia (Federation).
653 ## - INDEX TERM--UNCONTROLLED
Uncontrolled term ისტორია
653 ## - INDEX TERM--UNCONTROLLED
Uncontrolled term რუსეთის ისტორია
653 ## - INDEX TERM--UNCONTROLLED
Uncontrolled term გარემოს დაბინძურება
906 ## - LOCAL DATA ELEMENT F, LDF (RLIN)
a 7
b cbc
c orignew
d 1
e ocip
f 19
g y-gencatlg
942 ## - ADDED ENTRY ELEMENTS (KOHA)
Source of classification or shelving scheme
Koha item type Books
Holdings
Withdrawn status Lost status Source of classification or shelving scheme Damaged status Not for loan Permanent location Current location Date acquired Inventory number Total Checkouts Full call number Barcode Date last seen Price effective from Koha item type
          Ken Walker International University Ken Walker International University 12/22/2020 2184   94 F-44 2184 12/04/2023 12/22/2020 Books

Powered by Koha